| 000 | 01982njm a2200301Ia 4500 | ||
|---|---|---|---|
| 001 | H7883 | ||
| 003 | IT-RoPAU | ||
| 005 | 20220918181139.0 | ||
| 008 | 131025s9999 xx 000 0 und d | ||
| 040 | _aIT-RoPAU | ||
| 040 | _cIT-RoPAU | ||
| 041 | _aITALIANO | ||
| 999 |
_c101129 _d101129 |
||
| 999 | _bn.d. | ||
| 100 |
_aAA.VV. _9794 |
||
| 100 |
_eAutore musica _933645 |
||
| 100 |
_gCodice autore musica SPICS: 12000 _9796 |
||
| 245 | _aCantashow n. 2 - Ragazzi insieme regioni in gara | ||
| 250 | _a1a ed. | ||
| 260 | _aMILANO | ||
| 260 |
_bMULTIMEDIA SAN PAOLO _c2007 [1a Ed.:2007 - Ed. Lingua Orig.: 2007] |
||
| 300 | _aCOMPACT DISC | ||
| 300 | _c47 minuti (Testo: 0 pag.) | ||
| 500 | _aMusica folk. Canzone italiana. Canzoni nate dalla manifestazione televisiva Gran Palio delle Regioni. | ||
| 505 | _aGran Palio delle Regioni (G. Grottoli - A. Vaschetti, cantata da Skanzio e Pikkio) - Leo l'inventore (A. Di Tullio - G. Gallucci - A. Rucco, canta Andrea Caffaratti) - L'arcobaleno (D. Cardilli - M. Perani, canta Chiara Piccioli) - Re Frigerio (Fragolo - M.C. Meloni - A. Vaschetti, canta Mauro Farci) - Un ritmo pazzesco (L. Albani - P. Venezia, canta Lucrezia Scaglianti) - Zio Giò (Fagit - I. Janne, canta Matteo Penzo) - Il babà di Alì Papà (A.Visintainer, canta Lucilla Minervini) - Macedonia di colori (A. Giovannelli - P. Angelini, canta Erica Lo Presti) - L'amore non si calcola (G. Perone- M. Versaci, canta Romina De Gasperis) - E' vero o no? (M. Pipino, canta Stefano Farinetti) - Che ne dici mamma? (T. Brenni - A. Vaschetti, canta Francesca Ferri) - Perché perché (M. Muttarini - L. Virago, cantano Erika e Rossella Saporito) - Anagramma sul pentagramma (P. Vallerga - M. Bigi, canta Daniele Rizzitiello) - Il clown del sorriso (G. Grottoli - A. Vaschetti, canta Eleonora Brenni). | ||
| 650 |
_aFOLK [COMPACT DISC] _eCodice MATERIA SPICS: 9949 _933646 |
||
| 700 |
_aAA.VV. _eAutore testo e musica _gCodice autore testo/musica SPICS: 12000 _933647 |
||
| 942 |
_cCD _2ddc |
||